00769nam a22002177a 450000500170000001000150001702000260003203500140005803700090007208200080008110000240008924500570011325000060017026000530017627000760022930000200030570000350032594200220036099900190038295201500040120250113151420.0 aENG-143361 c350.00a9789355327437 aEN-126893 bDBAD a000 aAyushi Singh976471 aIndian Society/cby Ayushi Singh [and] Nityanand Jha a1 aChennaibMcGraw Hill Education Private Ltdc2023 aAnjana Complex, No. 5/90A, Butt Road, St Thomas Mount bChennaie600016 a194p.c24cm(pb) aJha, Nityanand eAuthor976472 2ddccENmAYUh000 c208427d208427 001040708NFICaLbLd2025-01-13eDelivery of Books Act Divisiong350.00l0oAYU 000pEN-126893r2025-01-13 00:00:00t1v350.00w2025-01-13yEN